Flags Drawn By Memory Part 3 - Statistics

General Stats
  • This quiz has been taken 29 times
  • The average score is 33 of 50
Answer Stats
Picture Answer % Correct
Qatar
89%
Mexico
86%
Romania
86%
Russia
86%
Federated States of Micronesia
82%
Madagascar
82%
Marshall Islands
82%
Monaco
82%
Morocco
82%
Netherlands
82%
Nigeria
82%
Poland
82%
Saudi Arabia
82%
Myanmar
79%
Nepal
79%
New Zealand
79%
Niger
79%
North Korea
79%
North Macedonia
79%
Norway
79%
Panama
79%
St Lucia
79%
St Vincent and Grenadines
79%
Malaysia
75%
Nicaragua
75%
Palau
75%
Philippines
75%
Portugal
75%
Samoa
75%
Mauritania
71%
Mauritius
71%
Oman
71%
Peru
71%
Sao Tome Principe
71%
Mali
68%
Nauru
64%
Palestine
64%
Papua New Guinea
64%
Paraguay
64%
Rwanda
64%
Mongolia
54%
Pakistan
50%
St Kitts and Nevis
50%
Malawi
32%
Namibia
25%
Mozambique
21%
San Marino
18%
Moldova
7%
Malta
4%
Montenegro
4%
No matching quizzes found
Score Distribution
Percent of People with Each Score
Percentile by Number Answered
Your Score History
You have not taken this quiz